[Event "26th WSCC 2016 Open 50+"]
[Site "Marianske Lazne, Czech Republic - Hotel Cristal and Continental"]
[Date "2016.11.22"]
[Round "4.70"]
[White "Svoboda, Frantisek"]
[Black "Dolezal, Rudolf"]
[Result "1/2-1/2"]
[WhiteElo "1701"]
[BlackElo "1744"]
[PlyCount "117"]
[EventDate "2016.11.19"]

1. d4 d5 2. Nf3 Nf6 3. e3 Bg4 4. b3 e6 5. Bb2 Bb4+ 6. Nbd2 Ne4 7. c3 Bxc3 8.
Bxc3 Nxc3 9. Qc2 Ne4 10. Nxe4 dxe4 11. Qxe4 Bxf3 12. Qxf3 c6 13. Bd3 Nd7 14.
O-O Qf6 15. Qxf6 Nxf6 16. Rfc1 Ke7 17. Kf1 h6 18. Ke2 Rhd8 19. Rc5 Rd6 20. Rac1
Nd7 21. R5c3 f5 22. f3 Kf6 23. g3 e5 24. dxe5+ Nxe5 25. f4 Nf7 26. Bc4 Rad8 27.
Rd3 Rxd3 28. Bxd3 g5 29. e4 fxe4 30. Bxe4 Re8 31. Kd3 gxf4 32. gxf4 Nd6 33. Re1
Nf5 34. Kc4 Nh4 35. Kd3 c5 36. Rg1 b6 37. a4 Rd8+ 38. Ke3 Re8 39. Kd3 Nf5 40.
Bxf5 Kxf5 41. Rg7 Kxf4 42. Rxa7 Re3+ 43. Kc4 Kg4 44. Rb7 Re4+ 45. Kd5 Rb4 46.
Kc6 Rxb3 47. a5 c4 48. axb6 c3 49. Rg7+ Kh3 50. Rg1 Kxh2 51. Rc1 h5 52. Kc7 h4
53. b7 h3 54. b8=Q Rxb8 55. Kxb8 Kg2 56. Rc2+ Kg1 57. Rxc3 h2 58. Rh3 h1=Q 59.
Rxh1+ 1/2-1/2

[Event "26th WSCC 2016 Open 50+"]
[Site "Marianske Lazne, Czech Republic - Hotel Cristal and Continental"]
[Date "2016.11.22"]
[Round "4.71"]
[White "Frost, Peter"]
[Black "Petersons, Ojars"]
[Result "1/2-1/2"]
[WhiteElo "1916"]
[BlackElo "1704"]
[PlyCount "74"]
[EventDate "2016.11.19"]

1. e4 g6 2. d4 Bg7 3. Nf3 d6 4. h3 a6 5. c4 Nd7 6. Nc3 b6 7. Bg5 f6 8. Be3 Nh6
9. Qd2 Nf7 10. Bd3 e5 11. d5 Nc5 12. Bc2 O-O 13. b4 Nxe4 14. Nxe4 f5 15. Qe2
fxe4 16. Bxe4 Bf5 17. Qc2 Bxe4 18. Qxe4 Bh6 19. O-O Ng5 20. Bxg5 Bxg5 21. g3
Bh6 22. Kg2 Qf6 23. Rad1 Rf7 24. Nd2 Raf8 25. Qe2 Bxd2 26. Rxd2 Qg5 27. c5 Rf3
28. Rd3 Rxd3 29. Qxd3 b5 30. cxd6 cxd6 31. Qc2 Qf6 32. Kg1 Qf3 33. Qc6 Rf6 34.
Qc8+ Kg7 35. Qc7+ Kh6 36. Qc1+ Kg7 37. Qc7+ Kh6 1/2-1/2

[Event "26th WSCC 2016 Open 50+"]
[Site "Marianske Lazne, Czech Republic - Hotel Cristal and Continental"]
[Date "2016.11.22"]
[Round "4.72"]
[White "Sladek, Jaroslav"]
[Black "Rehurek, Jiri"]
[Result "1-0"]
[WhiteElo "1881"]
[BlackElo "1633"]
[PlyCount "103"]
[EventDate "2016.11.19"]

1. e4 c5 2. Nf3 d6 3. d4 cxd4 4. Nxd4 Nf6 5. Nc3 a6 6. a4 b6 7. Bc4 e6 8. Bb3
Be7 9. f3 Qc7 10. Be3 Nc6 11. Qe2 Nxd4 12. Bxd4 Bb7 13. Qf2 Bd8 14. g4 Rg8 15.
h4 Nd7 16. Qe2 Bf6 17. Bxf6 gxf6 18. O-O-O O-O-O 19. Bc4 Nb8 20. Kb1 Qc6 21.
Rd4 Qe8 22. Rhd1 Kc7 23. Qd2 Qe7 24. Be2 Nc6 25. Rc4 Kb8 26. Qe3 d5 27. exd5
exd5 28. Qxe7 Nxe7 29. Rcd4 f5 30. g5 h6 31. f4 hxg5 32. hxg5 Rh8 33. Bc4 Rh4
34. Bxd5 Bxd5 35. Nxd5 Rxd5 36. Rxd5 Nxd5 37. Rxd5 Rxf4 38. Rd6 Rg4 39. Rxb6+
Ka7 40. Rf6 Rxg5 41. Rxf7+ Kb6 42. Rf6+ Kb7 43. b3 a5 44. Kb2 Kc7 45. Kc3 Kd7
46. Kd4 Ke7 47. Rb6 Rg2 48. c4 Re2 49. Rb5 Ke6 50. Rxa5 Re4+ 51. Kd3 Re1 52.
Ra8 1-0

[Event "26th WSCC 2016 Open 50+"]
[Site "Marianske Lazne, Czech Republic - Hotel Cristal and Continental"]
[Date "2016.11.22"]
[Round "4.74"]
[White "Laloucek, Miroslav"]
[Black "Bastyr, Pavel"]
[Result "1-0"]
[WhiteElo "1771"]
[BlackElo "1462"]
[PlyCount "87"]
[EventDate "2016.11.19"]

1. d4 Nf6 2. Bf4 e6 3. Nf3 b6 4. e3 Bb7 5. Nbd2 Nc6 6. c4 d5 7. cxd5 Nxd5 8.
Bg3 Be7 9. a3 O-O 10. Rc1 Nf6 11. Qa4 Nh5 12. Rxc6 Nxg3 13. hxg3 Bxc6 14. Qxc6
Qc8 15. Bd3 g6 16. Ne5 Rd8 17. f4 Rd6 18. Qc2 Bf6 19. Ndf3 Qf8 20. Nc6 Bg7 21.
Ng5 h6 22. Ne4 Rd7 23. Ne5 Re7 24. Bb5 c5 25. dxc5 bxc5 26. Nxc5 Rc7 27. Ned7
Qe7 28. Ke2 a6 29. Ba4 Rac8 30. b4 a5 31. Rd1 axb4 32. axb4 Rb7 33. Qe4 Ra7 34.
Bb3 Rcc7 35. Ne5 Qe8 36. Nxg6 fxg6 37. Nxe6 Kh8 38. Rd8 Re7 39. Rxe8+ Rxe8 40.
Qxg6 Rae7 41. Kf2 Bc3 42. Qxh6+ Kg8 43. Ng5+ Rf7 44. Bxf7# 1-0

[Event "26th WSCC 2016 Open 50+"]
[Site "Marianske Lazne, Czech Republic - Hotel Cristal and Continental"]
[Date "2016.11.22"]
[Round "4.75"]
[White "Koci, Vladimir"]
[Black "Cesar, Geovanny"]
[Result "1-0"]
[WhiteElo "1636"]
[BlackElo "1942"]
[PlyCount "53"]
[EventDate "2016.11.19"]

1. e4 c5 2. Nf3 Nc6 3. d4 cxd4 4. Nxd4 e5 5. Nb5 d6 6. N1c3 a6 7. Na3 Nf6 8.
Bg5 Be7 9. Nc4 Be6 10. Bxf6 gxf6 11. Nd5 Bxd5 12. Qxd5 Nd4 13. Ne3 Qb6 14. Bc4
Ne6 15. O-O Qc6 16. Rfd1 Rc8 17. a4 Rg8 18. Kf1 h5 19. b4 Qxd5 20. Bxd5 Rb8 21.
Nf5 Kd7 22. c4 b6 23. b5 Nf4 24. Bc6+ Ke6 25. g3 Ng6 26. bxa6 Nf8 27. a7 1-0

[Event "26th WSCC 2016 Open 50+"]
[Site "Marianske Lazne, Czech Republic - Hotel Cristal and Continental"]
[Date "2016.11.22"]
[Round "4.76"]
[White "Jesensky, Jaromir"]
[Black "Habada, Jindrich"]
[Result "1/2-1/2"]
[WhiteElo "1500"]
[BlackElo "1799"]
[PlyCount "31"]
[EventDate "2016.11.19"]

1. e4 c5 2. Nf3 Nc6 3. d4 cxd4 4. Nxd4 Nf6 5. Nc3 d6 6. f3 g6 7. Be3 Bg7 8. Qd2
O-O 9. h4 h5 10. O-O-O Bd7 11. Bh6 Nxd4 12. Bxg7 Kxg7 13. Qxd4 Qa5 14. Bc4 Rfc8
15. Bb3 Qc5 16. Qxc5 1/2-1/2

[Event "26th WSCC 2016 Open 50+"]
[Site "Marianske Lazne, Czech Republic - Hotel Cristal and Continental"]
[Date "2016.11.22"]
[Round "4.77"]
[White "Horackova, Isabela"]
[Black "Ruzicka, Tomas"]
[Result "0-1"]
[WhiteElo "1165"]
[BlackElo "1796"]
[PlyCount "72"]
[EventDate "2016.11.19"]

1. e4 e5 2. Nf3 Nf6 3. Nc3 d6 4. h3 Be6 5. Be2 Nbd7 6. O-O Qe7 7. d3 O-O-O 8.
Be3 Kb8 9. Qd2 g6 10. Rfd1 Nh5 11. d4 f5 12. d5 f4 13. Bxa7+ Kxa7 14. Nb5+ Kb8
15. Qa5 Nb6 16. Qa7+ Kc8 17. dxe6 Qxe6 18. Ng5 Qe7 19. Bg4+ Rd7 20. Ne6 Nf6 21.
Nexc7 Nxg4 22. Nd5 Qh4 23. Nxb6+ Kd8 24. Qa8+ Ke7 25. Nd5+ Kf7 26. hxg4 Qxg4
27. f3 Qg5 28. Ndc7 h5 29. Qe8+ Kg8 30. Qe6+ Rf7 31. Ne8 h4 32. Qh3 Qd8 33. Qe6
Qg5 34. Nbxd6 Rhh7 35. Nxf7 Rxf7 36. Rd2 Be7 {White Time Zero} 0-1

[Event "26th WSCC 2016 Open 50+"]
[Site "Marianske Lazne, Czech Republic - Hotel Cristal and Continental"]
[Date "2016.11.22"]
[Round "4.81"]
[White "Arias Castanedo, Jacinto"]
[Black "Kabyzhanov, Bulat"]
[Result "1-0"]
[WhiteElo "1857"]
[BlackElo "2039"]
[PlyCount "83"]
[EventDate "2016.11.19"]

1. d4 Nf6 2. Nf3 e6 3. c4 c5 4. d5 exd5 5. cxd5 d6 6. Nc3 g6 7. e4 Bg7 8. Bd3
O-O 9. O-O a6 10. a4 Re8 11. h3 Nbd7 12. Re1 h6 13. Bf4 Ne5 14. Nxe5 dxe5 15.
Be3 Qd6 16. Qd2 Kh7 17. a5 Bd7 18. Rec1 Rac8 19. b3 Nh5 20. Na4 Bxa4 21. Rxa4
Nf4 22. Bf1 Red8 23. Rc2 Bf8 24. Qc1 g5 25. Rac4 Qg6 26. b4 f5 27. f3 fxe4 28.
fxe4 g4 29. hxg4 Qxg4 30. bxc5 Be7 31. c6 bxc6 32. Rxc6 Rxc6 33. Rxc6 Rg8 34.
Bxf4 exf4 35. Rc7 Rg7 36. e5 f3 37. Qc2+ Kg8 38. d6 Qd4+ 39. Qf2 Rxg2+ 40. Bxg2
Qd1+ 41. Bf1 Bg5 42. Rc3 1-0

[Event "26th WSCC 2016 Open 50+"]
[Site "Marianske Lazne, Czech Republic - Hotel Cristal and Continental"]
[Date "2016.11.23"]
[Round "5.1"]
[White "Vlassov, Nikolai"]
[Black "Danielsen, Henrik"]
[Result "1-0"]
[WhiteElo "2415"]
[BlackElo "2477"]
[PlyCount "21"]
[EventDate "2016.11.19"]

1. e4 g6 2. Nc3 Bg7 3. h4 c5 4. h5 Nc6 5. Nf3 d6 6. Bc4 Nh6 7. d3 Bg4 8. Bxh6
Bxh6 9. hxg6 hxg6 10. Qc1 g5 11. Qxg5 1-0

[Event "26th WSCC 2016 Open 50+"]
[Site "Marianske Lazne, Czech Republic - Hotel Cristal and Continental"]
[Date "2016.11.23"]
[Round "5.2"]
[White "Reprintsev, Alexander"]
[Black "Akesson, Ralf"]
[Result "1-0"]
[WhiteElo "2321"]
[BlackElo "2416"]
[PlyCount "91"]
[EventDate "2016.11.19"]

1. e4 c6 2. Nc3 d5 3. Nf3 Bg4 4. h3 Bxf3 5. Qxf3 e6 6. b3 Nf6 7. e5 Nfd7 8. Qg3
h5 9. h4 c5 10. Bb2 Nc6 11. O-O-O a6 12. f4 Ne7 13. Be2 Nf5 14. Qf2 g6 15. Rh3
b5 16. g4 Nd4 17. gxh5 Nxe2+ 18. Nxe2 Rxh5 19. Rdh1 Be7 20. Qh2 Qa5 21. Ng3 Rh7
22. h5 g5 23. Ne2 gxf4 24. Qxf4 Qxa2 25. Rg1 c4 26. Rg8+ Nf8 27. Nc3 Qa5 28.
Ne4 dxe4 29. Qxe4 Rd8 30. b4 Qxb4 31. c3 Qc5 32. Qxh7 Qf2 33. Rh1 Rxd2 34. Qe4
Rd5 35. h6 Kd7 36. Rg2 Bg5+ 37. Kb1 Qf4 38. Qxf4 Bxf4 39. h7 Bxe5 40. h8=Q Bxh8
41. Rxh8 Ng6 42. Ra8 Nf4 43. Rf2 e5 44. Bc1 Rd1 45. Rd2+ Rxd2 46. Ra7+ 1-0

[Event "26th WSCC 2016 Open 50+"]
[Site "Marianske Lazne, Czech Republic - Hotel Cristal and Continental"]
[Date "2016.11.23"]
[Round "5.3"]
[White "Tunik, Gennady"]
[Black "Mohr, Georg"]
[Result "1/2-1/2"]
[WhiteElo "2404"]
[BlackElo "2461"]
[PlyCount "28"]
[EventDate "2016.11.19"]

1. d4 g6 2. e4 Bg7 3. Nf3 d6 4. Be2 Nf6 5. Nc3 O-O 6. O-O c6 7. a4 Qc7 8. h3
Nbd7 9. Bg5 e5 10. Re1 Re8 11. Bc4 h6 12. Be3 exd4 13. Bxd4 Ne5 14. Be2 Be6
1/2-1/2

[Event "26th WSCC 2016 Open 50+"]
[Site "Marianske Lazne, Czech Republic - Hotel Cristal and Continental"]
[Date "2016.11.23"]
[Round "5.4"]
[White "Arkell, Keith C"]
[Black "Barle, Janez"]
[Result "1-0"]
[WhiteElo "2450"]
[BlackElo "2303"]
[PlyCount "141"]
[EventDate "2016.11.19"]

1. d4 d5 2. c4 e6 3. Nf3 Nf6 4. cxd5 exd5 5. Nc3 Bb4 6. Qa4+ Nc6 7. Bg5 h6 8.
Bxf6 Qxf6 9. e3 O-O 10. Be2 Be6 11. a3 Bxc3+ 12. bxc3 Qg6 13. O-O a6 14. Rfb1
Rab8 15. Qd1 Rfd8 16. Rb2 f6 17. Rab1 Na5 18. Bxa6 b6 19. Bd3 Qf7 20. Nd2 Qe7
21. a4 Qd6 22. Qc2 Qc6 23. Rb4 Ra8 24. c4 Kh8 25. Rc1 dxc4 26. Nxc4 Nxc4 27.
Bxc4 Qd6 28. Rbb1 Bxc4 29. Qxc4 c5 30. dxc5 Qxc5 31. Qxc5 bxc5 32. Rc4 Ra5 33.
Kf1 Rda8 34. Ra1 Rb8 35. Ke1 Rb2 36. g4 Kh7 37. Rf4 Kg6 38. h4 h5 39. gxh5+
Kxh5 40. Rc1 Kg6 41. Rcc4 Ra2 42. Kf1 Kf7 43. h5 Rb2 44. Kg2 Rb8 45. Kf3 Rh8
46. Kg4 Rb8 47. Kf3 Rh8 48. Rh4 Rb8 49. Kg3 Rb2 50. Rhf4 Ra2 51. Kg4 Rb2 52.
Kf3 Ra2 53. Rh4 Rb2 54. Rcf4 Rb8 55. Ke2 Rd8 56. Rc4 Rd6 57. h6 gxh6 58. Rxh6
Rda6 59. Rhh4 Rd6 60. Kf3 Re6 61. Kf4 Kg6 62. Kg4 Rea6 63. Kf3 Rb6 64. Rcg4+
Kf7 65. Rh7+ Kf8 66. Rf4 Rba6 67. Rf5 c4 68. Rb5 Rxb5 69. axb5 Ra2 70. b6 Rb2
71. b7 1-0

[Event "26th WSCC 2016 Open 50+"]
[Site "Marianske Lazne, Czech Republic - Hotel Cristal and Continental"]
[Date "2016.11.23"]
[Round "5.5"]
[White "Bruno, Fabio"]
[Black "Chudinovskikh, Alexander M"]
[Result "1/2-1/2"]
[WhiteElo "2435"]
[BlackElo "2219"]
[PlyCount "24"]
[EventDate "2016.11.19"]

1. c4 c5 2. g3 g6 3. Bg2 Bg7 4. Nc3 Nc6 5. a3 Nf6 6. e3 e6 7. Nge2 O-O 8. Nf4
g5 9. Nh5 Nxh5 10. Qxh5 f5 11. f4 gxf4 12. gxf4 d6 1/2-1/2

[Event "26th WSCC 2016 Open 50+"]
[Site "Marianske Lazne, Czech Republic - Hotel Cristal and Continental"]
[Date "2016.11.23"]
[Round "5.6"]
[White "Ivanov, Alexander"]
[Black "Yuferev, Oleg"]
[Result "1-0"]
[WhiteElo "2478"]
[BlackElo "2239"]
[PlyCount "55"]
[EventDate "2016.11.19"]

1. e4 e6 2. d4 d5 3. Nd2 c5 4. exd5 Qxd5 5. dxc5 Qxc5 6. Ngf3 Nf6 7. Bd3 Nbd7
8. O-O Be7 9. Nb3 Qc7 10. a4 O-O 11. a5 Nc5 12. Nxc5 Bxc5 13. Bg5 Nd5 14. c4
Nb4 15. Bb1 f6 16. Bd2 Rd8 17. Qe1 Nc6 18. b4 Rxd2 19. Qxd2 Bxb4 20. Qd3 g6 21.
h4 Bc5 22. h5 gxh5 23. Rd1 f5 24. Qd2 Qg7 25. Bc2 Bb4 26. Qd3 Bxa5 27. Rxa5
Nxa5 28. Qd8+ 1-0

[Event "26th WSCC 2016 Open 50+"]
[Site "Marianske Lazne, Czech Republic - Hotel Cristal and Continental"]
[Date "2016.11.23"]
[Round "5.7"]
[White "Fritsch, Rolf"]
[Black "Matamoros Franco, Carlos S"]
[Result "0-1"]
[WhiteElo "2235"]
[BlackElo "2495"]
[PlyCount "50"]
[EventDate "2016.11.19"]

1. d4 Nf6 2. Bf4 g6 3. c3 Bg7 4. h3 O-O 5. Nf3 d6 6. e3 Nbd7 7. Be2 b6 8. a4 a6
9. O-O Bb7 10. Bh2 Re8 11. c4 a5 12. Nc3 Ne4 13. Nxe4 Bxe4 14. Ng5 Bb7 15. Bf3
Qc8 16. Bxb7 Qxb7 17. Qf3 Qxf3 18. Nxf3 e5 19. Rad1 Re7 20. Rd2 Rae8 21. b3 f5
22. Bg3 h6 23. Rfd1 exd4 24. Nxd4 Nc5 25. Rb2 Ne4 0-1

[Event "26th WSCC 2016 Open 50+"]
[Site "Marianske Lazne, Czech Republic - Hotel Cristal and Continental"]
[Date "2016.11.23"]
[Round "5.8"]
[White "Bagaturov, Giorgi"]
[Black "Boulard, Eric"]
[Result "1/2-1/2"]
[WhiteElo "2410"]
[BlackElo "2245"]
[PlyCount "73"]
[EventDate "2016.11.19"]

1. d4 f5 2. g3 g6 3. Bg2 Nf6 4. Nf3 Bg7 5. O-O O-O 6. b3 d6 7. Bb2 Ne4 8. c4
Nc6 9. Nbd2 Nxd2 10. Qxd2 e5 11. dxe5 dxe5 12. Qd5+ Kh8 13. Qxd8 Rxd8 14. Ng5
Rd2 15. Bc3 Rc2 16. Rfc1 Rxc3 17. Rxc3 e4 18. Rcc1 Bxa1 19. Rxa1 h6 20. Nh3 g5
21. f4 g4 22. Nf2 Nd4 23. e3 Nc6 24. Kf1 Be6 25. Ke2 a5 26. a4 Ra6 27. Kd2 Rb6
28. Kc3 Nb8 29. Bf1 Nd7 30. Rb1 Nc5 31. Kc2 Kg7 32. Nd1 Na6 33. Nc3 Nb4+ 34.
Kb2 Rd6 35. Rd1 Rxd1 36. Nxd1 c5 37. Nc3 1/2-1/2

[Event "26th WSCC 2016 Open 50+"]
[Site "Marianske Lazne, Czech Republic - Hotel Cristal and Continental"]
[Date "2016.11.23"]
[Round "5.9"]
[White "Konopka, Michal"]
[Black "Brito, Luismar"]
[Result "1-0"]
[WhiteElo "2396"]
[BlackElo "2242"]
[PlyCount "87"]
[EventDate "2016.11.19"]

1. Nf3 c5 2. c4 b6 3. g3 Bb7 4. Bg2 Nc6 5. O-O Nf6 6. Nc3 g6 7. d4 Nxd4 8. Nxd4
Bxg2 9. Kxg2 cxd4 10. Qxd4 Bg7 11. Be3 O-O 12. Rac1 d6 13. b3 Qd7 14. f3 h5 15.
Qd3 Rfc8 16. Rfd1 Rc6 17. Bg5 Rac8 18. e4 Nh7 19. Be3 Nf8 20. Nd5 Ne6 21. Nb4
R6c7 22. Na6 Rc6 23. b4 b5 24. cxb5 Rc3 25. Qe2 Rxc1 26. Rxc1 Rxc1 27. Bxc1 Nd4
28. Qc4 Qxb5 29. Qxb5 Nxb5 30. Be3 Bd4 31. Kf2 Bb6 32. a4 Nc3 33. Bxb6 axb6 34.
a5 bxa5 35. bxa5 Nb5 36. Ke3 Kf8 37. Nb4 Ke8 38. h4 Kd7 39. g4 e6 40. gxh5 gxh5
41. Nd3 e5 42. Nb4 Nd4 43. Nd5 f5 44. a6 1-0

[Event "26th WSCC 2016 Open 50+"]
[Site "Marianske Lazne, Czech Republic - Hotel Cristal and Continental"]
[Date "2016.11.23"]
[Round "5.10"]
[White "Vokac, Marek"]
[Black "Chan, Peng Kong"]
[Result "1-0"]
[WhiteElo "2391"]
[BlackElo "2233"]
[PlyCount "83"]
[EventDate "2016.11.19"]

1. d4 Nf6 2. c4 e6 3. Nf3 b6 4. Bf4 Bb7 5. e3 Be7 6. Nc3 Nh5 7. Bg3 d6 8. Bd3
Nd7 9. d5 e5 10. Nd2 g6 11. f3 Nxg3 12. hxg3 f5 13. g4 Bh4+ 14. Ke2 fxg4 15.
fxg4 O-O 16. Nf3 Bf6 17. Qc2 Rf7 18. g5 Bg7 19. Rxh7 Rxf3 20. gxf3 Kxh7 21.
Bxg6+ Kg8 22. Qf5 Qe7 23. Ne4 Rd8 24. Rh1 b5 25. Bh7+ Kh8 26. Qh3 Nf8 27. Bf5+
Kg8 28. Rg1 Nd7 29. Bxd7 Rxd7 30. Nf6+ Kf7 31. Nxd7 bxc4 32. Qh5+ Kg8 33. Nf6+
Kf8 34. Nh7+ Kg8 35. Nf6+ Kf8 36. Qg4 Ba6 37. Kf2 Kf7 38. Qf5 Bb7 39. Rh1 Kf8
40. Rh7 Qf7 41. e4 a5 42. Nh5 1-0

[Event "26th WSCC 2016 Open 50+"]
[Site "Marianske Lazne, Czech Republic - Hotel Cristal and Continental"]
[Date "2016.11.23"]
[Round "5.11"]
[White "Habibi, Ali"]
[Black "Pastircak, Milan"]
[Result "1/2-1/2"]
[WhiteElo "2225"]
[BlackElo "2362"]
[PlyCount "61"]
[EventDate "2016.11.19"]

1. g3 d5 2. Nf3 Nf6 3. d3 Bg4 4. Nbd2 e6 5. Bg2 Be7 6. O-O O-O 7. Qe1 a5 8. a4
Nc6 9. h3 Bh5 10. g4 Bg6 11. Nh4 e5 12. Nxg6 hxg6 13. c3 Re8 14. Qd1 g5 15. Qb3
Ra6 16. e4 Rb6 17. Qa2 dxe4 18. dxe4 Nd7 19. Nc4 Ra6 20. Rd1 Bc5 21. Be3 Bxe3
22. Nxe3 Ne7 23. Rd2 Qc8 24. Bf1 Rf6 25. Qa3 b6 26. Bb5 c6 27. Bf1 Nc5 28. Bg2
Rd8 29. Rad1 Rxd2 30. Rxd2 Qc7 31. b4 1/2-1/2

[Event "26th WSCC 2016 Open 50+"]
[Site "Marianske Lazne, Czech Republic - Hotel Cristal and Continental"]
[Date "2016.11.23"]
[Round "5.12"]
[White "Grigoryan, Karen"]
[Black "Kilicaslan, Hasan"]
[Result "1/2-1/2"]
[WhiteElo "2332"]
[BlackElo "2225"]
[PlyCount "39"]
[EventDate "2016.11.19"]

1. e4 e5 2. Nf3 Nc6 3. Bb5 d6 4. d4 exd4 5. Nxd4 Bd7 6. O-O Nf6 7. Nc3 Be7 8.
Bxc6 bxc6 9. Bf4 O-O 10. e5 dxe5 11. Bxe5 Bd6 12. Bxd6 cxd6 13. Re1 Qb6 14. Nb3
Bf5 15. h3 c5 16. Rc1 Qc6 17. Na5 Qa6 18. Nb3 Qc6 19. Na5 Qa6 20. Nb3 1/2-1/2

[Event "26th WSCC 2016 Open 50+"]
[Site "Marianske Lazne, Czech Republic - Hotel Cristal and Continental"]
[Date "2016.11.23"]
[Round "5.13"]
[White "Petran, Peter"]
[Black "Lacina, Adolf"]
[Result "1-0"]
[WhiteElo "2302"]
[BlackElo "2206"]
[PlyCount "77"]
[EventDate "2016.11.19"]

1. c4 e5 2. g3 Nf6 3. Bg2 d5 4. cxd5 Nxd5 5. Nc3 Nb6 6. Nf3 Nc6 7. O-O Be7 8.
a3 O-O 9. b4 Re8 10. d3 Bf8 11. Bb2 Bg4 12. Re1 Rb8 13. Rc1 h6 14. e3 a6 15.
Qc2 f5 16. Qb3+ Kh7 17. Ne2 Bd6 18. Nd2 Qd7 19. Qc2 Ne7 20. Nb3 c6 21. Nc5 Qd8
22. e4 Ng6 23. h3 Bxe2 24. Qxe2 f4 25. h4 Qf6 26. Qg4 Rf8 27. h5 Ne7 28. Ne6
fxg3 29. Nxf8+ Rxf8 30. Qxg3 Qf7 31. f4 exf4 32. Qf3 Ng8 33. Bh3 Bc7 34. Re2
Nd7 35. e5 Nb6 36. Rg2 Qe7 37. Kh1 Nd5 38. Rcg1 Bxe5 39. Qe4+ 1-0

[Event "26th WSCC 2016 Open 50+"]
[Site "Marianske Lazne, Czech Republic - Hotel Cristal and Continental"]
[Date "2016.11.23"]
[Round "5.14"]
[White "Tesar, Jan"]
[Black "Bartsch, Berthold"]
[Result "0-1"]
[WhiteElo "2072"]
[BlackElo "2279"]
[PlyCount "82"]
[EventDate "2016.11.19"]

1. d4 Nf6 2. Nf3 d5 3. g3 e6 4. Bg2 c5 5. O-O Nc6 6. c4 dxc4 7. Qa4 Bd7 8. Qxc4
cxd4 9. Nxd4 Nxd4 10. Qxd4 Bc6 11. Bxc6+ bxc6 12. Qa4 Qb6 13. Be3 Qb5 14. Qc2
Be7 15. a4 Qb7 16. Nd2 O-O 17. Nc4 Rfc8 18. a5 c5 19. Bg5 Rcb8 20. Rfd1 h6 21.
Bxf6 Bxf6 22. e4 Bd4 23. Rab1 Qb3 24. Qe2 Rb4 25. Rdc1 Rab8 26. Rc2 Qa2 27. Rd1
Qa4 28. e5 Qc6 29. Rd3 Qd5 30. Rf3 Ra4 31. Ra3 Rxa3 32. Nxa3 Qxe5 33. Qa6 Bxb2
34. Re2 Qc7 35. Nb5 Qb7 36. Qxb7 Rxb7 37. Nd6 Rb4 38. a6 Bd4 39. Ra2 c4 40. Rc2
c3 41. Ne4 f5 0-1

[Event "26th WSCC 2016 Open 50+"]
[Site "Marianske Lazne, Czech Republic - Hotel Cristal and Continental"]
[Date "2016.11.23"]
[Round "5.15"]
[White "Stentebjerg-Hansen, Per"]
[Black "Gayson, Peter M"]
[Result "1/2-1/2"]
[WhiteElo "2262"]
[BlackElo "2127"]
[PlyCount "21"]
[EventDate "2016.11.19"]

1. d4 f5 2. Bg5 g6 3. Nc3 Bg7 4. h4 h6 5. Bf4 Nf6 6. e3 O-O 7. Qf3 d6 8. Bc4+
e6 9. O-O-O Nc6 10. a3 Rb8 11. Ba2 1/2-1/2

[Event "26th WSCC 2016 Open 50+"]
[Site "Marianske Lazne, Czech Republic - Hotel Cristal and Continental"]
[Date "2016.11.23"]
[Round "5.16"]
[White "Chapman, Terry P D"]
[Black "Larsen, Peter"]
[Result "1-0"]
[WhiteElo "2220"]
[BlackElo "2248"]
[PlyCount "95"]
[EventDate "2016.11.19"]

1. Nf3 c5 2. c4 Nf6 3. d4 cxd4 4. Nxd4 e5 5. Nb5 d5 6. cxd5 Bc5 7. N5c3 O-O 8.
g3 Qb6 9. e3 Bg4 10. Be2 Bxe2 11. Qxe2 e4 12. a3 Re8 13. Nd2 Nbd7 14. b4 Bf8
15. Bb2 Ne5 16. Ndxe4 Nxe4 17. Nxe4 Bxb4+ 18. Kf1 Qg6 19. f3 Ba5 20. Nf2 Bb6
21. Kg2 Nd7 22. e4 f5 23. e5 f4 24. Nd3 fxg3 25. hxg3 Nf6 26. Nf4 Qf5 27. Rad1
Rac8 28. Rd3 Rc5 29. Bd4 Ra5 30. Bc3 Rxa3 31. Qb2 Ra4 32. Qc2 Rxf4 33. exf6 Qg6
34. Qd2 Ra4 35. d6 gxf6 36. d7 Rd8 37. Rh6 Qf5 38. Rxf6 Qc5 39. Qe1 Ra2+ 40.
Bd2 Kg7 41. Rfd6 Kf8 42. R3d5 Qe3 43. Qb1 Bc7 44. Qf5+ Kg8 45. Rg6+ hxg6 46.
Qxg6+ Kf8 47. Rf5+ Ke7 48. Rf7# 1-0

[Event "26th WSCC 2016 Open 50+"]
[Site "Marianske Lazne, Czech Republic - Hotel Cristal and Continental"]
[Date "2016.11.23"]
[Round "5.17"]
[White "Urban, Zdenek"]
[Black "Sturua, Zurab"]
[Result "0-1"]
[WhiteElo "2205"]
[BlackElo "2556"]
[PlyCount "126"]
[EventDate "2016.11.19"]

1. d4 Nf6 2. c4 e6 3. Nf3 b6 4. g3 Ba6 5. Qc2 Bb7 6. Bg2 c5 7. O-O Nc6 8. Nc3
cxd4 9. Nb5 Rc8 10. Nfxd4 Nxd4 11. Nxd4 Bxg2 12. Kxg2 Qc7 13. b3 b5 14. Bg5
Qb7+ 15. f3 Be7 16. Qd3 bxc4 17. bxc4 O-O 18. Nb5 Qa6 19. a4 h6 20. Be3 Bc5 21.
Bd4 Rfd8 22. Bxf6 gxf6 23. Qe4 Qa5 24. Rfd1 Bf8 25. Ra2 a6 26. Qg4+ Bg7 27. Nd6
Rc7 28. Rd5 Qb4 29. Rd3 Qc5 30. Rad2 Qg5 31. Qd4 Qa5 32. Qg4 Qxa4 33. Qh5 Rf8
34. g4 Qb4 35. Ra2 Rc6 36. Qa5 Rb8 37. Qxb4 Rxb4 38. Ra5 Kf8 39. c5 Ke7 40.
Rda3 h5 41. h3 Rb8 42. Ne4 Ra8 43. f4 Bf8 44. Kf3 hxg4+ 45. hxg4 f5 46. gxf5
exf5 47. Ng3 Kf6 48. Rd3 Rxc5 49. Rxc5 Bxc5 50. e4 Ke7 51. Nxf5+ Kd8 52. Nd6
Bxd6 53. Rxd6 a5 54. e5 a4 55. Rd1 a3 56. Ke4 Ra4+ 57. Kf5 a2 58. Ra1 Ke7 59.
Kg4 Ke6 60. Kg5 Ra6 61. Kg4 Kd5 62. Kg5 Kc4 63. f5 Kb3 0-1

[Event "26th WSCC 2016 Open 50+"]
[Site "Marianske Lazne, Czech Republic - Hotel Cristal and Continental"]
[Date "2016.11.23"]
[Round "5.18"]
[White "Haba, Petr"]
[Black "Folk, Petr"]
[Result "1-0"]
[WhiteElo "2472"]
[BlackElo "2182"]
[PlyCount "99"]
[EventDate "2016.11.19"]

1. d4 Nf6 2. c4 g6 3. Nc3 Bg7 4. e4 d6 5. f3 O-O 6. Be3 c5 7. Nge2 Nc6 8. d5
Ne5 9. Ng3 e6 10. Be2 exd5 11. cxd5 a6 12. O-O b5 13. b3 Bd7 14. a3 h5 15. h3
Nh7 16. Qd2 h4 17. Nh1 g5 18. b4 cxb4 19. axb4 Qf6 20. Ra3 Rfc8 21. Rc1 Rc4 22.
Nd1 Qd8 23. Bxc4 Nxc4 24. Rxc4 bxc4 25. Bd4 Be5 26. Bxe5 dxe5 27. Nhf2 Nf8 28.
Ne3 Bb5 29. Nfg4 Ng6 30. Kh1 Rc8 31. Nf5 Kh7 32. Rc3 f6 33. Qe3 Nf4 34. Qa7+
Qc7 35. Nxf6+ Kg6 36. Qxc7 Rxc7 37. Ng4 Nd3 38. Kg1 Nxb4 39. Nxe5+ Kf6 40. d6
Rc8 41. d7 Rd8 42. Nxc4 Rxd7 43. Ncd6 Bd3 44. Rc8 a5 45. Rc5 Ra7 46. e5+ Ke6
47. Nd4+ Kd7 48. Nc8 Ra6 49. e6+ Ke8 50. Rxg5 1-0